Screen Actors Guild Award for Outstanding Performance by a Male Actor in a Supporting Role - Statistics

General Stats
  • This quiz has been taken 7 times
  • The average score is 11 of 23
Answer Stats
Year Actor % Correct
2010 Christian Bale
83%
2004 Morgan Freeman
83%
2009 Christoph Waltz
67%
2008 Heath Ledger
67%
2015 Idris Elba
67%
2014 J. K. Simmons
67%
2016 Mahershala Ali
67%
1994 Martin Landau
67%
1997 Robin Williams
67%
2006 Eddie Murphy
50%
1995 Ed Harris
50%
2013 Jared Leto
50%
1999 Michael Caine
50%
2003 Tim Robbins
50%
2012 Tommy Lee Jones
50%
2011 Christopher Plummer
33%
1996 Cuba Gooding Jr.
33%
2007 Javier Bardem
33%
2005 Paul Giamatti
33%
2000 Albert Finney
17%
2002 Christopher Walken
17%
2001 Ian McKellen
17%
1998 Robert Duvall
17%
No matching quizzes found
Score Distribution
Percent of People with Each Score
Percentile by Number Answered
Your Score History
You have not taken this quiz